Foundary Engineering (Record no. 7294)

MARC details
000 -LEADER
fixed length control field 00226nam a2200109 4500
082 ## - DEWEY DECIMAL CLASSIFICATION NUMBER
Classification number 671.2GUP
100 ## - MAIN ENTRY--AUTHOR NAME
Personal name Gupta
245 ## - TITLE STATEMENT
Title Foundary Engineering
260 ## - PUBLICATION, DISTRIBUTION, ETC. (IMPRINT)
Place of publication India:
Name of publisher Satya Prakash,
Year of publication 1999.
300 ## - PHYSICAL DESCRIPTION
Number of Pages 562p. ;
942 ## - ADDED ENTRY ELEMENTS (KOHA)
Koha item type Books
Holdings
Withdrawn status Lost status Home library Current library Date acquired Full call number Accession Number Koha item type
    Reference Section Reference Section 19/06/2014 671.2GUP (Shelf - 91B) 25674 Books